[Event "Milan Crespi op-B 32nd"]
[Site "Milan"]
[Date "2011.12.08"]
[Round "2"]
[White "Popovich, Fabio"]
[Black "Bernago, Federico"]
[Result "1/2-1/2"]
[WhiteElo "1847"]
[BlackElo "1946"]
[PlyCount "97"]
[EventDate "2011.12.07"]
[EventType "swiss"]
[EventRounds "7"]
[EventCountry "ITA"]
[SourceTitle "EXT 2022"]
[Source "ChessBase"]
[SourceDate "2021.10.06"]
[SourceVersion "1"]
[SourceVersionDate "2021.10.06"]
[SourceQuality "1"]

1. e4 c5 2. Nc3 Nc6 3. d3 e6 4. g3 Rb8 5. Bg2 b5 6. f4 Nge7 7. Be3 d6 8. Nf3 Qc7 9. 0-0 g6 10. d4 b4 11. dxc5 dxc5 12. Na4 Ba6 13. Rf2 Rd8 14. Rd2 c4 15. Nc5 Bc8 16. Qe2 Rxd2 17. Nxd2 c3 18. bxc3 bxc3 19. Nc4 Bg7 20. e5 0-0 21. Ne4 Ba6 22. Nc5 Bc8 23. Nd6 Nf5 24. Nxf5 exf5 25. Qc4 Nd8 26. Qxc3 Ne6 27. Qb4 Rd8 28. c4 Bf8 29. Nxe6 Bxe6 30. c5 Bd5 31. Qc3 Bxg2 32. Kxg2 Qc6+ 33. Kf2 Rc8 34. Rc1 Be7 35. Qc4 Kf8 36. a4 Qe6 37. Qxe6 fxe6 38. Ke2 Rc6 39. Rc4 Ke8 40. Kd3 Kd7 41. Kc3 Bd8 42. Kb4 a6 43. Rd4+ Kc7 44. Rd6 Be7 45. Rxc6+ Kxc6 46. h3 Bd8 47. g4 h6 48. gxf5 gxf5 49. Kc4 1/2-1/2

[Event "Milan Crespi op-B 31th"]
[Site "Milan"]
[Date "2010.12.05"]
[Round "3"]
[White "Guzzetti, Luigi Enrico"]
[Black "Bernago, Federico"]
[Result "1/2-1/2"]
[WhiteElo "1889"]
[BlackElo "1955"]
[PlyCount "53"]
[EventDate "2010.12.04"]
[EventType "swiss"]
[EventRounds "7"]
[EventCountry "ITA"]
[SourceTitle "EXT 2024"]
[Source "ChessBase"]
[SourceDate "2023.10.10"]
[SourceVersion "1"]
[SourceVersionDate "2023.10.10"]
[SourceQuality "1"]

1. e4 c5 2. Nf3 e6 3. d4 cxd4 4. Nxd4 a6 5. Nc3 Qc7 6. Be2 Nf6 7. 0-0 Nc6 8. Be3 Bb4 9. f3 0-0 10. a3 Be7 11. Nb3 b5 12. Qe1 Rd8 13. Qf2 Rb8 14. f4 d6 15. Rad1 Nd7 16. Bf3 Nb6 17. Bxb6 Qxb6 18. Kh1 Qxf2 19. Rxf2 Bd7 20. Rfd2 Be8 21. Ne2 Rdc8 22. c3 Nd8 23. Ned4 Nb7 24. g3 Nc5 25. Nxc5 Rxc5 26. Nb3 Rcc8 27. Kg2 1/2-1/2

[Event "Milan Crespi op-B 30th"]
[Site "Milan"]
[Date "2009.12.08"]
[Round "7"]
[White "Bernago, Federico"]
[Black "Riccio, Luigi"]
[Result "0-1"]
[WhiteElo "1960"]
[BlackElo "1840"]
[PlyCount "138"]
[EventDate "2009.12.04"]
[EventType "swiss"]
[EventRounds "7"]
[EventCountry "ITA"]
[SourceTitle "EXT 2012"]
[Source "ChessBase"]
[SourceDate "2011.11.24"]
[SourceVersion "1"]
[SourceVersionDate "2011.11.24"]
[SourceQuality "1"]

1. e4 c5 2. Nf3 e6 3. d3 Nc6 4. g3 d5 5. Nbd2 Nf6 6. Bg2 dxe4 7. dxe4 e5 8. 0-0 Be7 9. c3 0-0 10. Qc2 Be6 11. Re1 h6 12. Nh4 Re8 13. Nf5 Bf8 14. Ne3 Ne7 15. Nf3 Qc7 16. Bd2 c4 17. Rad1 Rad8 18. Bc1 b5 19. Nh4 g6 20. h3 Kh7 21. Re2 Qc8 22. Kh2 Rxd1 23. Qxd1 Rd8 24. Rd2 Rxd2 25. Qxd2 Qd7 26. Qxd7 Nxd7 27. f4 Nc5 28. Nd1 Nd3 29. Be3 Nc6 30. Nf3 f6 31. Bf1 Nc5 32. Nd2 Bd6 33. Kg2 Kg7 34. Be2 Kf7 35. Nf2 Kg7 36. Nd1 a5 37. Bxc5 Bxc5 38. a4 bxa4 39. Bxc4 Bxc4 40. Nxc4 Kf7 41. Kf3 Ke6 42. Nde3 exf4 43. gxf4 g5 44. f5+ Kf7 45. Kg4 Bxe3 46. Nxe3 Ne5+ 47. Kg3 Nd3 48. Nc4 Nxb2 49. Nxa5 Ke7 50. Kg4 Nd3 51. Kh5 Nc5 52. Nc6+ Kd6 53. Nb4 a3 54. Kxh6 Nxe4 55. Na2 Ke5 56. Kg6 Nd6 57. Nb4 Nxf5 58. Nd3+ Ke4 59. Nc5+ Kd5 60. Nb3 Ke5 61. c4 Nd4 62. Nc1 Ne2 63. Nd3+ Kd4 64. Nb4 Kxc4 65. Nc2 a2 66. Kxf6 Kb3 67. Na1+ Kb2 68. Kxg5 Kxa1 69. h4 Kb1 0-1

[Event "Milan Crespi op-B 30th"]
[Site "Milan"]
[Date "2009.12.07"]
[Round "6"]
[White "Guzzetti, Luigi Enrico"]
[Black "Bernago, Federico"]
[Result "1/2-1/2"]
[WhiteElo "1856"]
[BlackElo "1960"]
[PlyCount "73"]
[EventDate "2009.12.04"]
[EventType "swiss"]
[EventRounds "7"]
[EventCountry "ITA"]
[SourceTitle "EXT 2012"]
[Source "ChessBase"]
[SourceDate "2011.11.24"]
[SourceVersion "1"]
[SourceVersionDate "2011.11.24"]
[SourceQuality "1"]

1. e4 c5 2. Nf3 e6 3. d4 cxd4 4. Nxd4 a6 5. Nc3 Qc7 6. Be2 Nf6 7. a3 d6 8. Be3 Nbd7 9. 0-0 b5 10. f3 Bb7 11. Qe1 Rc8 12. Qf2 d5 13. exd5 Bxd5 14. a4 b4 15. Nxd5 Nxd5 16. Bxa6 Nxe3 17. Qxe3 Rb8 18. Kh1 Qa7 19. Bb5 Bc5 20. Bxd7+ Qxd7 21. Qe5 Qd6 22. Qxd6 Bxd6 23. Nb5 Be5 24. c3 bxc3 25. bxc3 Ke7 26. Nd4 Bxd4 27. cxd4 Rb4 28. a5 Ra8 29. Rfc1 Ra7 30. Kg1 Rxd4 31. Rc5 Rd5 32. Rxd5 exd5 33. Kf2 Kd6 34. Ke3 Kc5 35. Kd3 Ra6 36. Rc1+ Kd6 37. Ra1 1/2-1/2

[Event "Milan Crespi op-B 30th"]
[Site "Milan"]
[Date "2009.12.06"]
[Round "4"]
[White "Memarian, Milad"]
[Black "Bernago, Federico"]
[Result "1-0"]
[WhiteElo "1962"]
[BlackElo "1960"]
[PlyCount "75"]
[EventDate "2009.12.04"]
[EventType "swiss"]
[EventRounds "7"]
[EventCountry "ITA"]
[SourceTitle "EXT 2012"]
[Source "ChessBase"]
[SourceDate "2011.11.24"]
[SourceVersion "1"]
[SourceVersionDate "2011.11.24"]
[SourceQuality "1"]

1. d4 Nf6 2. c4 c5 3. Nf3 cxd4 4. Nxd4 e5 5. Nb5 d5 6. cxd5 Bc5 7. e3 a6 8. N5c3 0-0 9. Bd3 Re8 10. Qc2 Nbd7 11. a3 b5 12. b4 Ba7 13. e4 Ng4 14. 0-0 Qh4 15. h3 Ndf6 16. Nd1 Nxf2 17. Rxf2 Bxh3 18. Be3 Bg4 19. Bxa7 Rxa7 20. Be2 Rc8 21. Nbc3 Nh5 22. Bxg4 Qxg4 23. Qe2 Qh4 24. Qe3 Rac7 25. Ne2 Nf6 26. Qg3 Qh6 27. Ndc3 Nh5 28. Qxe5 Nf6 29. Qg3 Re7 30. e5 Nd7 31. Raf1 Rxe5 32. Rxf7 Rg5 33. Qf4 Nf6 34. Ne4 Rxg2+ 35. Kxg2 Qg6+ 36. Kh1 Qxf7 37. Nxf6+ gxf6 38. Qg4+ 1-0

[Event "Milan Crespi op-B 30th"]
[Site "Milan"]
[Date "2009.12.04"]
[Round "1"]
[White "Bernago, Federico"]
[Black "Olivo, Mario"]
[Result "1-0"]
[WhiteElo "1960"]
[BlackElo "1827"]
[PlyCount "75"]
[EventDate "2009.12.04"]
[EventType "swiss"]
[EventRounds "7"]
[EventCountry "ITA"]
[SourceTitle "EXT 2012"]
[Source "ChessBase"]
[SourceDate "2011.11.24"]
[SourceVersion "1"]
[SourceVersionDate "2011.11.24"]
[SourceQuality "1"]

1. e4 c5 2. Nf3 d6 3. c3 Nf6 4. Be2 Nc6 5. d4 cxd4 6. cxd4 a6 7. Nc3 b5 8. a3 Bb7 9. d5 Na5 10. 0-0 g6 11. Be3 Bg7 12. Rc1 Rc8 13. Nd2 0-0 14. b4 Nc4 15. Nxc4 bxc4 16. Qd2 e6 17. dxe6 fxe6 18. Bf3 d5 19. exd5 Nxd5 20. Bxd5 exd5 21. Rfd1 Bxc3 22. Qxc3 Qf6 23. Bd4 Qf5 24. Qd2 Qf4 25. Be3 Qg4 26. Bd4 Rf7 27. h3 Qf5 28. Rc3 Qf4 29. Be3 Qe4 30. Bd4 Qf5 31. Rf3 Qd7 32. Rxf7 Qxf7 33. Bc3 h5 34. Qd4 Kh7 35. Re1 Rg8 36. Re5 Qg7 37. Qe3 Rf8 38. Re7 1-0

[Event "Cologno Monzese op 26th"]
[Site "Cologno Monzese"]
[Date "2007.10.19"]
[Round "6"]
[White "Cani, Gazmir"]
[Black "Bernago, Federico"]
[Result "1/2-1/2"]
[WhiteElo "1452"]
[BlackElo "1994"]
[PlyCount "68"]
[EventDate "2007.09.14"]
[EventType "swiss"]
[EventRounds "6"]
[EventCountry "ITA"]
[SourceTitle "EXT 2024"]
[Source "ChessBase"]
[SourceDate "2023.10.10"]
[SourceVersion "1"]
[SourceVersionDate "2023.10.10"]
[SourceQuality "1"]

1. b3 e5 2. Bb2 Nc6 3. c4 Nf6 4. e3 d6 5. d3 g6 6. Nc3 Bg7 7. a3 a5 8. Qc2 0-0 9. Nf3 Nh5 10. Be2 f5 11. Nd2 Nf6 12. Nd5 Be6 13. Bf3 Qd7 14. Nxf6+ Bxf6 15. h4 h6 16. Bd5 Qf7 17. Bxe6 Qxe6 18. 0-0-0 Rfd8 19. g4 fxg4 20. d4 Qf5 21. d5 Qxc2+ 22. Kxc2 Ne7 23. h5 g5 24. Rdg1 Rf8 25. Rxg4 Bg7 26. Rh2 Nf5 27. Ne4 Ne7 28. Rhg2 Nf5 29. Bc1 Rf7 30. Kd3 Kf8 31. Nxg5 hxg5 32. Rxg5 e4+ 33. Kxe4 Re8+ 34. Kd3 Bh6 1/2-1/2

[Event "Cologno Monzese op 26th"]
[Site "Cologno Monzese"]
[Date "2007.10.05"]
[Round "4"]
[White "Bernago, Federico"]
[Black "Cartella, Giovanni"]
[Result "1/2-1/2"]
[WhiteElo "1994"]
[BlackElo "1868"]
[PlyCount "53"]
[EventDate "2007.09.14"]
[EventType "swiss"]
[EventRounds "6"]
[EventCountry "ITA"]
[SourceTitle "EXT 2024"]
[Source "ChessBase"]
[SourceDate "2023.10.10"]
[SourceVersion "1"]
[SourceVersionDate "2023.10.10"]
[SourceQuality "1"]

1. e4 c5 2. Nf3 d6 3. d3 Nf6 4. g3 Nc6 5. Bg2 Bg4 6. h3 Bd7 7. 0-0 g6 8. Re1 e5 9. c3 Bg7 10. d4 0-0 11. d5 Ne7 12. Nbd2 b5 13. Nf1 Nc8 14. N3h2 Nb6 15. g4 h5 16. Bg5 Qc8 17. Bxf6 Bxf6 18. Qf3 Kg7 19. gxh5 Rh8 20. Ng3 Bh4 21. Ng4 Qd8 22. h6+ Kf8 23. Nf1 Bxg4 24. Qxg4 Rxh6 25. Ng3 Bg5 26. Ne2 Rh4 27. Qg3 1/2-1/2

[Event "Milan Crespi op 27th"]
[Site "Milan"]
[Date "2006.12.09"]
[Round "5"]
[White "Bernago, Federico"]
[Black "Locatelli, Andrea"]
[Result "1/2-1/2"]
[WhiteElo "1990"]
[BlackElo "2138"]
[PlyCount "27"]
[EventDate "2006.12.07"]
[EventType "swiss"]
[EventRounds "6"]
[EventCountry "ITA"]
[SourceTitle "EXT 2008"]
[Source "ChessBase"]
[SourceDate "2007.11.25"]
[SourceVersion "1"]
[SourceVersionDate "2007.11.25"]
[SourceQuality "1"]

1. e4 c5 2. Nf3 d6 3. c3 Nf6 4. Be2 g6 5. 0-0 Nc6 6. d4 cxd4 7. cxd4 Bg4 8. Nc3 Bg7 9. Be3 d5 10. exd5 Nxd5 11. h3 Bxf3 12. Bxf3 Nxe3 13. fxe3 0-0 14. Qb3 1/2-1/2

[Event "Bratto Martesana op"]
[Site "Bratto"]
[Date "2006.11.18"]
[Round "4"]
[White "Bernago, Federico"]
[Black "Barrera, Pietro"]
[Result "1/2-1/2"]
[WhiteElo "1990"]
[BlackElo "1839"]
[PlyCount "86"]
[EventDate "2006.11.11"]
[EventType "swiss"]
[EventRounds "6"]
[EventCountry "ITA"]
[SourceTitle "EXT 2008"]
[Source "ChessBase"]
[SourceDate "2007.11.25"]
[SourceVersion "1"]
[SourceVersionDate "2007.11.25"]
[SourceQuality "1"]

1. e4 c5 2. Nf3 Nc6 3. d3 g6 4. g3 Bg7 5. Bg2 d6 6. c3 Bg4 7. h3 Bxf3 8. Qxf3 Nf6 9. 0-0 0-0 10. Qe2 Nd7 11. f4 Rb8 12. Nd2 Qc7 13. a4 a6 14. Nc4 b5 15. axb5 axb5 16. Ne3 e6 17. f5 b4 18. Qc2 bxc3 19. bxc3 Nce5 20. Bd2 Rb6 21. Rab1 Rfb8 22. Rxb6 Qxb6 23. Bc1 Qb3 24. Qd2 Ra8 25. d4 cxd4 26. cxd4 Ra2 27. Qd1 Qxd1 28. Rxd1 Nc6 29. d5 exd5 30. Nxd5 Nd4 31. Bf4 Ne2+ 32. Kh2 Be5 33. Bxe5 Nxe5 34. f6 h5 35. Ne7+ Kh7 36. Rxd6 Nc4 37. Rd8 Ne3 38. Rg8 Nd4 39. Rg7+ Kh6 40. h4 Ng4+ 41. Kh3 Nf2+ 42. Kh2 Ng4+ 43. Kh3 Nf2+ 1/2-1/2

[Event "Bratto Martesana op"]
[Site "Bratto"]
[Date "2006.11.12"]
[Round "3"]
[White "Regorda, Massimiliano"]
[Black "Bernago, Federico"]
[Result "1/2-1/2"]
[WhiteElo "1862"]
[BlackElo "1990"]
[PlyCount "20"]
[EventDate "2006.11.11"]
[EventType "swiss"]
[EventRounds "6"]
[EventCountry "ITA"]
[SourceTitle "EXT 2008"]
[Source "ChessBase"]
[SourceDate "2007.11.25"]
[SourceVersion "1"]
[SourceVersionDate "2007.11.25"]
[SourceQuality "1"]

1. e4 c5 2. Nf3 e6 3. d4 cxd4 4. Nxd4 a6 5. Nc3 Qc7 6. Bd3 Nf6 7. 0-0 d6 8. Kh1 Nbd7 9. f4 b5 10. a3 Bb7 1/2-1/2

[Event "Cologno Monzese op 25th"]
[Site "Cologno Monzese"]
[Date "2006.10.12"]
[Round "4"]
[White "Fiorili, Roberto"]
[Black "Bernago, Federico"]
[Result "1/2-1/2"]
[WhiteElo "1934"]
[BlackElo "1990"]
[PlyCount "65"]
[EventDate "2006.09.14"]
[EventType "swiss"]
[EventRounds "6"]
[EventCountry "ITA"]
[SourceTitle "EXT 2024"]
[Source "ChessBase"]
[SourceDate "2023.10.10"]
[SourceVersion "1"]
[SourceVersionDate "2023.10.10"]
[SourceQuality "1"]

1. e4 c5 2. Nf3 e6 3. d4 cxd4 4. Nxd4 a6 5. c4 Nf6 6. f3 Qc7 7. Nc3 Nc6 8. Be3 Bd6 9. Bg1 0-0 10. a3 Be5 11. Rc1 Re8 12. Be2 Qd8 13. Be3 Nxd4 14. Bxd4 Bf4 15. Rc2 d5 16. Bxf6 Qxf6 17. cxd5 Qg6 18. 0-0 h5 19. Bc4 Be3+ 20. Kh1 e5 21. Qd3 Bd4 22. Ne2 Bb6 23. f4 exf4 24. Rxf4 Qd6 25. Ba2 Bg4 26. g3 Bxe2 27. Qxe2 Re5 28. Qf3 f6 29. Rf5 Rae8 30. Rxe5 Rxe5 31. Qf4 Kh7 32. b4 g6 33. Kg2 1/2-1/2

[Event "Cologno Monzese op 25th"]
[Site "Cologno Monzese"]
[Date "2006.09.14"]
[Round "1"]
[White "Bergonzoni, Carlo"]
[Black "Bernago, Federico"]
[Result "0-1"]
[WhiteElo "1506"]
[BlackElo "1990"]
[PlyCount "68"]
[EventDate "2006.09.14"]
[EventType "swiss"]
[EventRounds "6"]
[EventCountry "ITA"]
[SourceTitle "EXT 2024"]
[Source "ChessBase"]
[SourceDate "2023.10.10"]
[SourceVersion "1"]
[SourceVersionDate "2023.10.10"]
[SourceQuality "1"]

1. d4 Nf6 2. c4 c5 3. d5 b5 4. cxb5 a6 5. b6 Qxb6 6. Nc3 g6 7. e4 d6 8. Nf3 Bg7 9. Nd2 0-0 10. Bc4 Nbd7 11. Qb3 Qc7 12. 0-0 Rb8 13. Qc2 Nb6 14. b3 Nxc4 15. bxc4 Bd7 16. Bb2 Rb7 17. Rfb1 Rfb8 18. f3 Be8 19. Nb3 Nd7 20. Ne2 Nf6 21. Nc3 Rb4 22. Nd2 Nd7 23. Nd1 Ne5 24. Bxe5 Bxe5 25. Rxb4 Rxb4 26. Rb1 Ba4 27. Nb3 Qb6 28. Nc3 Bxc3 29. Qxc3 a5 30. Kf2 Bxb3 31. Rxb3 a4 32. Rxb4 cxb4+ 33. Qe3 Qxe3+ 34. Kxe3 b3 0-1

[Event "Bresso op 5th"]
[Site "Bresso"]
[Date "2006.06.18"]
[Round "6"]
[White "Pezzotta, Gianni"]
[Black "Bernago, Federico"]
[Result "0-1"]
[WhiteElo "1468"]
[BlackElo "1990"]
[PlyCount "54"]
[EventDate "2006.06.15"]
[EventType "swiss"]
[EventRounds "6"]
[EventCountry "ITA"]
[SourceTitle "EXT 2024"]
[Source "ChessBase"]
[SourceDate "2023.10.10"]
[SourceVersion "1"]
[SourceVersionDate "2023.10.10"]
[SourceQuality "1"]

1. Nf3 c5 2. c3 Nf6 3. d3 Nc6 4. e3 e5 5. d4 cxd4 6. exd4 e4 7. Ng1 d5 8. h3 Bd6 9. Be3 0-0 10. Ne2 b5 11. a3 a5 12. Nf4 b4 13. axb4 Qc7 14. g3 Ne7 15. bxa5 Rxa5 16. Rxa5 Qxa5 17. Be2 Nf5 18. Bd2 Qc7 19. Ng2 Re8 20. 0-0 e3 21. Bxe3 Nxe3 22. Nxe3 Bxh3 23. Ng2 Bxg3 24. fxg3 Qxg3 25. Rf2 Ne4 26. Qf1 Nxf2 27. Bb5 Re1 0-1

[Event "Milan Crespi op 26th"]
[Site "Milan"]
[Date "2005.12.09"]
[Round "4"]
[White "Papa, Angelo"]
[Black "Bernago, Federico"]
[Result "0-1"]
[WhiteElo "1900"]
[BlackElo "1981"]
[PlyCount "150"]
[EventDate "2005.12.07"]
[EventType "swiss"]
[EventRounds "7"]
[EventCountry "ITA"]
[SourceTitle "EXT 2007"]
[Source "ChessBase"]
[SourceDate "2006.11.23"]
[SourceVersion "1"]
[SourceVersionDate "2006.11.23"]
[SourceQuality "1"]

1. d4 Nf6 2. Nf3 c5 3. e3 e6 4. Bd3 d5 5. b3 Nc6 6. a3 Bd6 7. Bb2 b6 8. 0-0 Bb7 9. Nbd2 0-0 10. Ne5 Re8 11. f4 Bf8 12. Qf3 g6 13. Bb5 Rc8 14. g4 a6 15. Bd3 Qe7 16. Rf2 c4 17. g5 cxd3 18. gxf6 Qxf6 19. Nxd3 Bg7 20. Ne5 Nxe5 21. fxe5 Qg5+ 22. Rg2 Qf5 23. Qxf5 exf5 24. Nf3 b5 25. Re2 Rc7 26. Rc1 Rec8 27. Ne1 Bf8 28. Nd3 g5 29. b4 Rc4 30. Kf2 R8c7 31. Nc5 Bxc5 32. bxc5 Rc6 33. Kf3 Bc8 34. Rg2 h6 35. Ke2 Be6 36. Kd3 Kg7 37. c3 f6 38. exf6+ Kxf6 39. Rf1 a5 40. Re2 b4 41. axb4 axb4 42. e4 bxc3 43. Bxc3 Kg6 44. exd5 Bxd5 45. Re5 Bg8 46. Rexf5 Ra4 47. R1f2 Ba2 48. Re5 Bb1+ 49. Ke2 Ra2+ 50. Kf1 Ra3 51. Bd2 Rd3 52. Be3 Ra6 53. Rb2 Ba2 54. Rb6+ Rxb6 55. cxb6 Bc4 56. Ke1 Rb3 57. d5 Bxd5 58. Kd2 Bf3 59. Kc2 Ra3 60. Kb2 Ra4 61. Kb3 Ra1 62. Bd4 Rh1 63. Rb5 Rb1+ 64. Bb2 Rh1 65. b7 Bxb7 66. Rxb7 Rxh2 67. Rb6+ Kf5 68. Kc4 h5 69. Kd3 Rh3+ 70. Ke2 g4 71. Kf2 h4 72. Rb4 Rh2+ 73. Kg1 g3 74. Bc3 h3 75. Bd4 Rd2 0-1

[Event "Milan Crespi op 26th"]
[Site "Milan"]
[Date "2005.12.07"]
[Round "1"]
[White "Bernago, Federico"]
[Black "Jara, Erik"]
[Result "0-1"]
[WhiteElo "1981"]
[BlackElo "2139"]
[PlyCount "112"]
[EventDate "2005.12.07"]
[EventType "swiss"]
[EventRounds "7"]
[EventCountry "ITA"]
[SourceTitle "EXT 2007"]
[Source "ChessBase"]
[SourceDate "2006.11.23"]
[SourceVersion "1"]
[SourceVersionDate "2006.11.23"]
[SourceQuality "1"]

1. e4 e6 2. d3 d5 3. Nd2 Nf6 4. Ngf3 Bc5 5. e5 Nfd7 6. d4 Be7 7. Bd3 c5 8. c3 b6 9. Qe2 Nc6 10. a3 0-0 11. Nf1 f6 12. exf6 Nxf6 13. g4 Bd6 14. Ne5 Qc7 15. f4 cxd4 16. Nxc6 Qxc6 17. cxd4 Ne4 18. Ng3 Bxf4 19. 0-0 Nxg3 20. hxg3 Bd6 21. Bf4 Bxf4 22. Rxf4 Rxf4 23. gxf4 Qd6 24. Rf1 Bd7 25. Qh2 g6 26. Qe2 Rf8 27. Qe3 a5 28. Kg2 b5 29. Qe5 Qxe5 30. fxe5 b4 31. Rxf8+ Kxf8 32. axb4 axb4 33. Kg3 Ba4 34. Kf4 Bd1 35. g5 Kg7 36. Bb5 Bc2 37. Kg4 h5+ 38. gxh6+ Kxh6 39. Kg3 Kg5 40. Be8 Kf5 41. Bf7 Bd1 42. Kh4 g5+ 43. Kg3 Ke4 44. Bxe6 Kxd4 45. Kf2 Kxe5 46. Bd7 Kd4 47. Ke1 Bf3 48. Kf2 Be4 49. Bb5 Bd3 50. Bd7 Kc4 51. Ba4 Be4 52. Bd1 Kd3 53. Ke1 Ke3 54. Be2 d4 55. Kd1 d3 56. Bg4 Bf3+ 0-1

[Event "Milan Crespi op 25th"]
[Site "Milan"]
[Date "2004.12.07"]
[Round "5"]
[White "Bernago, Federico"]
[Black "Castellano, Fabio Marco"]
[Result "1/2-1/2"]
[WhiteElo "1999"]
[BlackElo "1911"]
[PlyCount "35"]
[EventDate "2004.12.04"]
[EventType "swiss"]
[EventRounds "9"]
[EventCountry "ITA"]
[SourceTitle "EXT 2007"]
[Source "ChessBase"]
[SourceDate "2006.11.23"]
[SourceVersion "1"]
[SourceVersionDate "2006.11.23"]
[SourceQuality "1"]

1. e4 c5 2. c3 d5 3. exd5 Qxd5 4. d4 g6 5. Be3 cxd4 6. Qxd4 Qxd4 7. Bxd4 Nf6 8. Bb5+ Bd7 9. Bxd7+ Nbxd7 10. f4 Bh6 11. g3 0-0 12. Nf3 Rfe8 13. 0-0 Nd5 14. Na3 Bg7 15. Bxg7 Kxg7 16. Rfe1 a6 17. Nc4 b5 18. Ne3 1/2-1/2

[Event "Milan Crespi op 25th"]
[Site "Milan"]
[Date "2004.12.07"]
[Round "6"]
[White "Bisignano, Giuseppe"]
[Black "Bernago, Federico"]
[Result "1-0"]
[WhiteElo "1965"]
[BlackElo "1999"]
[PlyCount "74"]
[EventDate "2004.12.04"]
[EventType "swiss"]
[EventRounds "9"]
[EventCountry "ITA"]
[SourceTitle "EXT 2007"]
[Source "ChessBase"]
[SourceDate "2006.11.23"]
[SourceVersion "1"]
[SourceVersionDate "2006.11.23"]
[SourceQuality "1"]

1. e4 c5 2. Nf3 e6 3. d3 Nc6 4. g3 Nf6 5. Bg2 d5 6. e5 Nd7 7. Bf4 Be7 8. c3 g5 9. Bc1 Ndxe5 10. Nxe5 Nxe5 11. f4 gxf4 12. Bxf4 Ng6 13. Nd2 Nxf4 14. Qa4+ Bd7 15. Qxf4 Qb8 16. Qe3 Qd6 17. 0-0 f6 18. c4 0-0-0 19. cxd5 exd5 20. b4 Qe5 21. Rfe1 Kb8 22. Qf3 Qd4+ 23. Kh1 Rhe8 24. Nb3 Qxb4 25. Rec1 Qg4 26. Qf2 Bc6 27. Na5 Bd6 28. Nxc6+ bxc6 29. Rab1+ Kc7 30. Qd2 Kd7 31. Rb7+ Bc7 32. Qh6 Qg5 33. Qxh7+ Re7 34. Rxc7+ Kxc7 35. Qxe7+ Rd7 36. Qxc5 Rd6 37. Qxa7+ Kd8 1-0

[Event "Milan Crespi op 25th"]
[Site "Milan"]
[Date "2004.12.05"]
[Round "2"]
[White "Dragojlovic, Andjelko"]
[Black "Bernago, Federico"]
[Result "1-0"]
[WhiteElo "2298"]
[BlackElo "1999"]
[PlyCount "105"]
[EventDate "2004.12.04"]
[EventType "swiss"]
[EventRounds "9"]
[EventCountry "ITA"]
[SourceTitle "EXT 2007"]
[Source "ChessBase"]
[SourceDate "2006.11.23"]
[SourceVersion "1"]
[SourceVersionDate "2006.11.23"]
[SourceQuality "1"]

1. e4 c5 2. Nf3 a6 3. c3 d5 4. exd5 Qxd5 5. d4 Nc6 6. Be2 cxd4 7. cxd4 e6 8. Nc3 Bb4 9. 0-0 Bxc3 10. bxc3 Nge7 11. c4 Qd7 12. Ba3 0-0 13. d5 exd5 14. cxd5 Qxd5 15. Qxd5 Nxd5 16. Bxf8 Kxf8 17. Rac1 Nf4 18. Rfe1 Bg4 19. Rc4 Nxe2+ 20. Rxe2 Be6 21. Rc5 Rd8 22. h3 Nd4 23. Nxd4 Rxd4 24. a3 g6 25. Re3 Kg7 26. Rc7 Rd7 27. Rxd7 Bxd7 28. Re7 Bc6 29. f4 Kf6 30. Rc7 h5 31. g3 Ke6 32. Kf2 Kf6 33. Ke3 Bg2 34. a4 Bc6 35. a5 Bg2 36. h4 Ke6 37. Rc3 Kd6 38. Kd4 Bc6 39. f5 Bd7 40. fxg6 fxg6 41. Re3 Bf5 42. Rb3 Kc6 43. Rb6+ Kc7 44. Rf6 Bb1 45. Kc5 Be4 46. Rf7+ Kb8 47. Kb6 Kc8 48. Rc7+ Kb8 49. Re7 Bc6 50. Re6 Kc8 51. Rxg6 Bf3 52. Rg7 Be4 53. g4 1-0

[Event "Milan Crespi op 25th"]
[Site "Milan"]
[Date "2004.12.04"]
[Round "1"]
[White "Bernago, Federico"]
[Black "Nannelli, Paolo"]
[Result "1/2-1/2"]
[WhiteElo "1999"]
[BlackElo "2185"]
[PlyCount "53"]
[EventDate "2004.12.04"]
[EventType "swiss"]
[EventRounds "9"]
[EventCountry "ITA"]
[SourceTitle "EXT 2007"]
[Source "ChessBase"]
[SourceDate "2006.11.23"]
[SourceVersion "1"]
[SourceVersionDate "2006.11.23"]
[SourceQuality "1"]

1. e4 d6 2. Nf3 Nf6 3. Nc3 g6 4. d4 Bg7 5. Bc4 0-0 6. h3 Nc6 7. Be3 Nxe4 8. Nxe4 d5 9. Bd3 dxe4 10. Bxe4 Bd7 11. Qd2 e5 12. dxe5 Nxe5 13. Nxe5 Bxe5 14. 0-0-0 Be6 15. Qxd8 Rfxd8 16. Kb1 c6 17. Bf3 Kg7 18. Rxd8 Rxd8 19. Rd1 Rxd1+ 20. Bxd1 b6 21. Be2 f5 22. f4 Bd6 23. a4 c5 24. b3 h6 25. h4 Be7 26. g3 Bd6 27. Kb2 1/2-1/2

[Event "Genova op 3rd"]
[Site "Genova"]
[Date "1999.08.10"]
[Round "3"]
[White "Orsenigo, Davide"]
[Black "Bernago, Federico"]
[Result "0-1"]
[WhiteElo "1500"]
[BlackElo "1789"]
[PlyCount "78"]
[EventDate "1999.08.09"]
[EventType "swiss"]
[EventRounds "11"]
[EventCountry "ITA"]
[SourceTitle "EXT 2024"]
[Source "ChessBase"]
[SourceDate "2023.10.10"]
[SourceVersion "1"]
[SourceVersionDate "2023.10.10"]
[SourceQuality "1"]

1. e4 c5 2. Nf3 e6 3. d4 cxd4 4. Nxd4 a6 5. Nc3 Qc7 6. Be3 Nf6 7. Bd3 b6 8. Qd2 Bb7 9. f3 Nc6 10. 0-0-0 b5 11. g4 d6 12. g5 Nd7 13. f4 Nxd4 14. Bxd4 e5 15. Be3 exf4 16. Bxf4 Ne5 17. Rhf1 Be7 18. Qf2 0-0 19. Bxe5 dxe5 20. Kb1 Bxg5 21. Qf5 Bf4 22. Nd5 Bxd5 23. exd5 g6 24. Qf6 Rfc8 25. h4 Qd8 26. Qxd8+ Rxd8 27. Be4 f5 28. Bg2 Rd6 29. Rf3 Rc8 30. Rfd3 Kg7 31. a4 e4 32. Rd4 Kf6 33. axb5 axb5 34. Rb4 Rc5 35. Bf1 Rdxd5 36. Rxd5 Rxd5 37. Rxb5 Rd1+ 38. Ka2 Rxf1 39. c4 e3 0-1

[Event "Imperia op 32nd"]
[Site "Imperia"]
[Date "1990.09.01"]
[Round "1.17"]
[White "Bernago, Federico"]
[Black "Mambrini, Augusto"]
[Result "1/2-1/2"]
[WhiteElo "1900"]
[BlackElo "1950"]
[PlyCount "80"]
[EventDate "1990.09.01"]
[EventType "swiss"]
[EventRounds "9"]
[EventCountry "ITA"]
[SourceTitle "EXT 2024"]
[Source "ChessBase"]
[SourceDate "2023.10.10"]
[SourceVersion "1"]
[SourceVersionDate "2023.10.10"]
[SourceQuality "1"]

1. e4 e6 2. d3 d5 3. Nd2 Nf6 4. Ngf3 c5 5. g3 Nc6 6. Bg2 Be7 7. 0-0 Qc7 8. Re1 dxe4 9. dxe4 e5 10. c3 0-0 11. Qe2 Be6 12. h3 Rad8 13. Nf1 h6 14. g4 Nh7 15. Be3 Rfe8 16. Qc2 Bf8 17. Ng3 Ne7 18. b3 Ng6 19. Rad1 Nf4 20. Rxd8 Rxd8 21. Rd1 Re8 22. Ne2 Nxg2 23. Kxg2 b6 24. c4 Bc8 25. Nc3 Nf6 26. Nd5 Qc6 27. Nxf6+ Qxf6 28. Qe2 h5 29. Nd2 hxg4 30. hxg4 Qg6 31. f3 f5 32. exf5 Bxf5 33. Kf2 Bd3 34. Qe1 e4 35. Qg1 exf3 36. Nxf3 Bd6 37. Qg2 Rxe3 38. Kxe3 Qe4+ 39. Kd2 Bb1 40. Qe2 Qg6 1/2-1/2